Soluciones oscilatorias en ecuaciones diferenciales con retardo /

Guardado en:
Otros Autores: Bel, Andrea Liliana. (Disertante), Reartes, Walter Alberto. (Orientador), Itovich, Griselda Rut. (Orientador)
Formato: Manuscrito
Idioma:Spanish
Publicado: 2014.
Materias:
Etiquetas: Agregar Etiqueta
Sin Etiquetas, Sea el primero en etiquetar este registro!
LEADER 01143ntm a22002775a 4500
001 MAT.inmabb007046
008 140904s2014####ag#######bm###000#0#spa#d
005 20150506083253.0
245 1 0 |a Soluciones oscilatorias en ecuaciones diferenciales con retardo /  |c Andrea Liliana Bel. 
260 |c 2014. 
300 |a xv, 128 p. ;  |c 30 cm. 
502 |a Tesis (doctoral)--Universidad Nacional del Sur. Departamento de Matemática, 2014. 
500 |a "Tesis de Doctora en Matemática". 
500 |a Director de tesis: Walter Reartes; codirección: Griselda Itovich. 
504 |a Incluye referencias bibliográficas. 
100 1 |a Bel, Andrea Liliana.  |4 dis 
700 1 |a Reartes, Walter Alberto.  |4 ths 
700 1 |a Itovich, Griselda Rut.  |4 ths 
710 2 |a Universidad Nacional del Sur.  |b Departamento de Matemática  |4 dgg. 
082 0 4 |a 040  |2 15 
082 0 4 |a 517.38  |2 15 
650 7 |a Matemáticas.  |2 unbist 
653 |a Ecuaciones diferenciales con retardo 
650 7 |a Bifurcación, teoría de  |2 Tesamat 
859 |a AR-BaUNS  |b BIB. MATEMATICA  |h 040  |i B148 2014-1309  |k R  |p 124617/014 
859 |a AR-BaUNS  |b BIB. MATEMATICA  |h 040  |i B148 2014-1309  |p 124618/014